역대 UEFA 유로파 리그 참가 팀 - Statistics

General Stats
  • This quiz has been taken 2 times
  • The average score is 106 of 242
Answer Stats
Country Teams % Correct
Belarus 바테 보리소프
100%
Denmark 쾨벤하운
100%
Denmark 미트윌란
100%
Germany 보루시아 도르트문트
100%
Greece 올림피아코스
100%
Greece 파나티나이코스
100%
Netherlands 아약스
100%
Netherlands 페예노르트
100%
Netherlands 고어헤드 이글스
100%
Netherlands 헤이렌베인
100%
Netherlands 트벤터
100%
Norway 보되/글림트
100%
Greece AEK
100%
Netherlands AZ
100%
Netherlands PSV
100%
Austria 아우스트리아 빈
50%
Austria 라피드 빈
50%
Austria 레드불 잘츠부르크
50%
Austria 스투름 그라츠
50%
Austria 볼프스베르크
50%
Azerbaijan 네프트치
50%
Azerbaijan 가라바흐
50%
Belarus 디나모 민스크
50%
Belgium 안데를레흐트
50%
Belgium 클뤼프 브뤼허
50%
Belgium 헹크
50%
Belgium 헨트
50%
Belgium 로열 앤트워프
50%
Belgium 스탕다르 리에주
50%
Belgium 위니옹 생질루아즈
50%
Belgium 쥘터 바레험
50%
Bulgaria 레프스키 소피아
50%
Bulgaria 루도고레츠
50%
Croatia 디나모 자그레브
50%
Croatia 하이두크 스플리트
50%
Croatia 리예카
50%
Cyprus 아리스 리마솔
50%
Cyprus 오모니아
50%
Czech Republic 슬라비아 프라하
50%
Czech Republic 스파르타 프라하
50%
Czech Republic 빅토리아 플젠
50%
Denmark 브뢴뷔
50%
Denmark 오덴세
50%
England 아스날
50%
England 아스톤 빌라
50%
England 버밍엄 시티
50%
England 첼시
50%
England 크리스탈 팰리스
50%
England 에버튼
50%
England 풀럼
50%
England 레스터 시티
50%
England 리버풀
50%
England 맨체스터 시티
50%
England 맨체스터 유나이티드
50%
England 뉴캐슬 유나이티드
50%
England 사우스햄튼
50%
England 스완지 시티
50%
England 토트넘 홋스퍼
50%
England 웨스트햄 유나이티드
50%
England 울버햄튼 원더러스
50%
France 지롱댕 보르도
50%
France 낭트
50%
France 니스
50%
France 올랭피크 마르세유
50%
France 올랭피크 리옹
50%
France 파리 생제르맹
50%
France 생테티엔
50%
France 스타드 렌
50%
France 툴루즈
50%
Germany 아우크스부르크
50%
Germany 보루시아 묀헨글라트바흐
50%
Germany 아인트라흐트 프랑크푸르트
50%
Germany 프라이부르크
50%
Germany 함부르크
50%
Germany 헤르타 베를린
50%
Germany 호펜하임
50%
Germany 우니온 베를린
50%
Germany 볼프스부르크
50%
Germany 베르더 브레멘
50%
Greece 아리스
50%
Hungary 데브레체니
50%
Hungary 페렌츠바로시
50%
Israel 하포엘 베르셰바
50%
Israel 하포엘 텔아비브
50%
Israel 마카비 하이파
50%
Israel 마카비 텔아비브
50%
Italy 볼로냐
50%
Italy 피오렌티나
50%
Italy 제노아
50%
Italy 인터 밀란
50%
Italy 유벤투스
50%
Italy 라치오
50%
Italy 나폴리
50%
Italy 팔레르모
50%
Italy 삼프도리아
50%
Italy 토리노
50%
Italy 우디네세
50%
Kazakhstan 아스타나
50%
Kazakhstan 샤흐테르 카라간디
50%
Luxembourg 뒤들랑주
50%
Moldova 셰리프
50%
Netherlands 흐로닝언
50%
Netherlands 피테서
50%
Norway 몰데
50%
Norway 로센보르그
50%
Norway 사르프스보르그
50%
Norway 트롬쇠
50%
Poland 레흐 포즈난
50%
Poland 레기아 바르샤바
50%
Poland 비스와 크라쿠프
50%
Portugal 오스 벨레넨스스
50%
Portugal 벤피카
50%
Portugal 브라가
50%
Portugal 이스토릴 프라이아
50%
Portugal 나시오날
50%
Portugal 포르투
50%
Portugal 히우 아브
50%
Portugal 스포르팅
50%
Portugal 비토리아
50%
Republic of Ireland 던독
50%
Romania 클루지
50%
Romania 디나모 부쿠레슈티
50%
Romania 라피드 부쿠레슈티
50%
Romania 슈테아우아 부쿠레슈티
50%
Russia 안지 마하치칼라
50%
Russia 디나모 모스크바
50%
Russia 크라스노다르
50%
Russia 쿠반 크라스노다르
50%
Russia 로코모티프 모스크바
50%
Russia 로스토프
50%
Russia 루빈 카잔
50%
Russia 스파르타크 모스크바
50%
Russia 제니트 상트페테르부르크
50%
Scotland 셀틱
50%
Scotland 레인저스
50%
Serbia 츠르베나 즈베즈다
50%
Serbia 파르티잔
50%
Slovakia 슬로반 브라티슬라바
50%
Slovakia 스파르타크 트르나바
50%
Slovenia 마리보르
50%
Spain 아틀레틱 클루브
50%
Spain 아틀레티코 마드리드
50%
Spain 바르셀로나
50%
Spain 셀타 비고
50%
Spain 에스파뇰
50%
Spain 헤타페
50%
Spain 레반테
50%
Spain 레알 베티스
50%
Spain 레알 소시에다드
50%
Spain 세비야
50%
Spain 발렌시아
50%
Spain 비야레알
50%
Sweden 헬싱보리
50%
Sweden 말뫼
50%
Switzerland 바젤
50%
Switzerland 세르베트
50%
Switzerland 시옹
50%
Switzerland 장크트갈렌
50%
Switzerland
50%
Switzerland 영보이즈
50%
Turkey 베식타쉬
50%
Turkey 페네르바흐체
50%
Turkey 갈라타사라이
50%
Turkey 이스탄불 바샥셰히르
50%
Turkey 콘야스포르
50%
Turkey 시와스스포르
50%
Turkey 트라브존스포르
50%
Ukraine 드니프로
50%
Ukraine 디나모 키이우
50%
Ukraine 카르파티 르비우
50%
Ukraine 메탈리스트 하르키우
50%
Ukraine 올렉산드리야
50%
Ukraine 샤흐타르 도네츠크
50%
Germany 바이어 04 레버쿠젠
50%
Germany 샬케 04
50%
Germany 마인츠 05
50%
Germany 1. FC 쾰른
50%
Germany 하노버 96
50%
Denmark AaB
50%
Italy AC 밀란
50%
Cyprus AEL 리마솔
50%
Sweden AIK
50%
England 브라이튼&호브 앨비언
50%
Cyprus APOEL
50%
France AS 모나코
50%
Italy AS 로마
50%
Bulgaria CSKA 소피아
50%
Russia CSKA 모스크바
50%
Switzerland FC 취리히
50%
Romania FCSB
50%
Finland HJK
50%
Austria LASK
50%
France LOSC 릴
50%
Greece PAOK
50%
Germany RB 라이프치히
50%
Latvia RFS
50%
Albania 스컨데르베우 코르처
0%
Azerbaijan 가발라
0%
Belgium 로케런
0%
Cyprus 라르나카
0%
Cyprus 아폴론 리마솔
0%
Czech Republic 즐린
0%
Czech Republic 야블로네츠
0%
Czech Republic 슬로반 리베레츠
0%
Denmark 에스비에르
0%
England 노팅엄 포레스트
0%
England 스토크 시티
0%
England 위건 애슬래틱
0%
France 앙나방 갱강
0%
France 랑스
0%
Germany 슈투트가르트
0%
Greece 아스테라스 트리폴리스
0%
Hungary 페헤르바르
0%
Israel 하포엘 이로니 키르야트시모나
0%
Italy 아탈란타
0%
Italy 사수올로
0%
Latvia 벤츠필스
0%
Netherlands 위트레흐트
0%
North Macedonia 바르다르
0%
Norway 브란
0%
Poland 라쿠프 쳉스토호바
0%
Portugal 아카데미카 코임브라
0%
Portugal 마리티무
0%
Portugal 파수스 페헤이라
0%
Republic of Ireland 샴록 로버스
0%
Romania 아스트라 지우르지우
0%
Romania 판두리 트르구지우
0%
Romania 폴리테흐니카 티미쇼아라
0%
Romania 우니레아 우르지체니
0%
Romania 바슬루이
0%
Serbia 바치카 토폴라
0%
Spain 그라나다
0%
Sweden 엘프스보리
0%
Sweden 헤켄
0%
Sweden 외스테르순드
0%
Switzerland 로잔-스포르
0%
Switzerland 루가노
0%
Turkey 아키사르스포르
0%
Turkey 오스만르스포르
0%
Ukraine 초르노모레츠 오데사
0%
Ukraine 보르스클라 폴타바
0%
Ukraine 조랴 루한스크
0%
No matching quizzes found
Score Distribution
Percent of People with Each Score
Percentile by Number Answered
Your Score History
You have not taken this quiz